UBT Library

Making the team : (Record no. 43738)

000 -LEADER
fixed length control field 00920cam a2200265 a 4500
001 - CONTROL NUMBER
control field 14902365
005 - DATE AND TIME OF LATEST TRANSACTION
control field 20180301031317.0
008 - FIXED-LENGTH DATA ELEMENTS--GENERAL INFORMATION
fixed length control field 070625s2008 njua b 001 0 eng
010 ## - LIBRARY OF CONGRESS CONTROL NUMBER
LC control number 2007026540
020 ## - INTERNATIONAL STANDARD BOOK NUMBER
International Standard Book Number 9780131861350 (pbk.)
020 ## - INTERNATIONAL STANDARD BOOK NUMBER
International Standard Book Number 0131861352 (pbk.)
035 ## - SYSTEM CONTROL NUMBER
System control number (OCoLC)ocn147987695
040 ## - CATALOGING SOURCE
Original cataloging agency DLC
Transcribing agency DLC
Modifying agency BTCTA
-- BAKER
-- YDXCP
-- C#P
-- BWX
-- NLGGC
-- CDX
-- DLC
041 ## - LANGUAGE CODE
Language code of text/sound track or separate title eng
080 ## - UNIVERSAL DECIMAL CLASSIFICATION NUMBER
Universal Decimal Classification number 658.4022 lei
082 00 - DEWEY DECIMAL CLASSIFICATION NUMBER
Classification number 658.4022 lei
Edition number 22
084 ## - OTHER CLASSIFICATION NUMBER
Classification number 85.05
Source of number bcl
100 1# - Rafti
Rafti 54
101 ## - Shkurtesa
Shkurtesa man
245 10 - TITLE STATEMENT
Title Making the team :
Statement of responsibility, etc Leigh L. Thompson.
504 ## - BIBLIOGRAPHY, ETC. NOTE
Bibliography, etc Includes bibliographical references (p. 404-454) and indexes.
906 ## - LOCAL DATA ELEMENT F, LDF (RLIN)
a 7
b cbc
c orignew
d 1
e ecip
f 20
g y-gencatlg
942 ## - ADDED ENTRY ELEMENTS (KOHA)
Source of classification or shelving scheme
Item type Books
Holdings
Withdrawn status Lost status Source of classification or shelving scheme Damaged status Not for loan Collection code Permanent location Current location Shelving location Date acquired Total Checkouts Full call number Barcode Date last seen Price effective from Koha item type
          Koleksioni i përgjithshem UBT - Lipjan UBT - Lipjan Koleksioni i përgjithshem 03/01/2018   658.4022 lei 002-3000216 03/01/2018 03/01/2018 Books
UBT Library © 2015-2024. All rights reserved University Education for Business and Technology